00720nam a2200169 a 4500001000900000005001700009008004100026040001300067050002600080245006100106260002700167300004000194500013300234504004100367650007300408650006900481BRCA_56220190320203050.0981230s1998 mx-a---##b---#000-0#spa-d aDLCcDLC 4aNE958.3.M4b.D48 199810aDevocionario mexicanobpequeños grabados novohispanos. aMéxicobBackalc1998 a163 p.bil.c27 cm.e1 invitación aCatálogo de la exposición realizada en la Pinacoteca Virreinal de San Diego (Ciudad de México), 18 junio - 18 agosto, 1998 aIncluye referencias bibliográficas14aTarjetas santasvExposicionesyÉpoca colonial, 1521-1821zMéxico14aImpresiones mexicanasvExposicionesyÉpoca colonial, 1521-1821